000 00630nam a2200277Ia 4500
005 20260324150123.0
008 008 260324s9999 xx 000 0 eng d
020 _a9780203814826
037 _aEBOOK
040 _aCRL
040 _beng
040 _cCRL
041 _2eng
041 _aeng
084 _qCRL
100 _aJohn White
_91154168
245 0 _aTowards A Compulsory Curriculum
260 _bTaylor and Francis
260 _c1973
365 _a
365 _b220
856 _uhttp://www.taylorfrancis.com/books/9780203814826
942 _cEBOOK
999 _c1834250
_d1834250